Normal view
MARC view
- الادريسي، هاني محمد أمين
Entry Personal Name
001 - CONTROL NUMBER
- control field: 32427
003 - CONTROL NUMBER IDENTIFIER
- control field: JO-AjAnu
005 - DATE AND TIME OF LATEST TRANSACTION
- control field: 20230606075441.0
008 - FIXED-LENGTH DATA ELEMENTS
- fixed length control field: 230606|| aca||aabn | a|a d
040 ## - CATALOGING SOURCE
- Original cataloging agency: JO-AjAnu
- Transcribing agency: JO-AjAnu
100 ## - HEADING--PERSONAL NAME
- Personal name: الادريسي، هاني محمد أمين
670 ## - SOURCE DATA FOUND
- Source citation: Work cat.: (JO-AjAnu)16658: الادريسي، هاني محمد أمين , author, الوجيز في الأوراق التجارية ( الكمبيالة - السند لأمر - الشيك )